| 000 | 00456nam a2200169Ia 4500 | ||
|---|---|---|---|
| 005 | 20250508155123.0 | ||
| 008 | 008 250505s9999 xx 000 0 hin d | ||
| 037 | _aBooks to be hide in OPAC | ||
| 040 |
_aFEDL _beng _cFEDL |
||
| 041 |
_ahin _2eng |
||
| 084 | _qFEDL | ||
| 245 | 0 | _aJan shikshan | |
| 260 |
_aUdaipur, India _bVidya Bhawan Society _c1962 |
||
| 546 | _aGot bound along with Acc. No. 045788 | ||
| 942 | _cHB | ||
| 999 |
_c1354412 _d1354412 |
||